| 000 | 00548nam a2200205 i 4500 | ||
|---|---|---|---|
| 001 | 84925 | ||
| 003 | ES-MaACL | ||
| 005 | 20230906175137.0 | ||
| 007 | t| | ||
| 008 | 041124s1985 fr ||||1| fre d | ||
| 020 | _a2-7116-0413-6 | ||
| 100 | 1 |
_aJoly, Henri. _966810 |
|
| 245 | 1 | 4 |
_aLe renversement platonicien _b: logos, episteme, polis / _cHenri Joly. |
| 250 | _a2eme corr. | ||
| 260 |
_aParis : _bJ. Vrin, _c1985. |
||
| 300 |
_a405 p. ; _c24 cm. |
||
| 500 | _aIndice. | ||
| 504 | _aBibliografía. | ||
| 852 |
_aES-MaACL _jL-11833 _bR.113415 |
||
| 999 |
_c84925 _d84925 |
||